01087cam a22003134a 450000100090000000300100000900500170001900800410003601000170007702000060009404000220010004200080012204300120013005000210014208200150016310000400017824501080021826000550032630000370038144000140041850400510043265000120048365100620049585600220055790600450057994200120062499900170063695201200065313543694NUST-PNEC20170116180818.0040331s2004 vaua b 001 0 eng  a 2004007429 a- aDLCcLIBRARYdDLC apcc an-us---00aUF503b.D75 200400a355.73 OSC1 aOSC (Ordance Systems Command)9379610aWeapons systems fundamentals: analysis of weapons systems Navord OP 3000 Vol-2cOrdance Systems Command bCommander, Naval Ordanance Systems Command,cc1971 avarious pagings:bill. ;c26 cm. 0aOSC93799 aIncludes bibliographical references and index. xWE, MIS 0aUnited StatesxArmed ForcesxWeapons systemsxEvaluation.413Table of contents a7bcbccorignewd1eecipf20gy-gencatlg 2ddccBK c63590d63590 00102ddc4070aPNECbPNECcWING-Ad2015-06-09eDonatedl0o355.73 OSCpPNECLIB-017525r2015-06-09w2015-06-09yBK